000 00439nam a22001937a 4500
003 bpm
005 20260416103614.0
008 260416b |||||||| |||| 00| f spa d
020 _a9789504644217
024 _aS. C. C. / M. C. y E. M.:
040 _aAR-CtUCP
041 _aspa
080 _aCDU
100 _aFerrari Andrea
245 _aEl camino de Sherlock
650 _aLiteratura - Novela
942 _cLIB
999 _c76647
_d76647